| 000 | 00397cam a2200169ua 4500 | ||
|---|---|---|---|
| 020 | _c2.00 | ||
| 041 |
_ahin _h |
||
| 082 |
_a891.54 _bMAS/TA |
||
| 100 | _aMashruvala, . | ||
| 245 |
_aTalim ki buniyadem / _cMashruvala. _hTextual Documents |
||
| 260 |
_a : _bNavajeevan Prakashan , _c1957. |
||
| 300 | _a264 ; . | ||
| 365 | _a2.00 | ||
| 504 | _a | ||
| 942 | _cBK | ||
| 999 |
_c8100 _d8100 |
||